Normal view MARC view

Entry Personal Name

Number of records used in: 3

001 - CONTROL NUMBER

  • control field: 18244

003 - CONTROL NUMBER IDENTIFIER

  • control field: dpl

005 - DATE AND TIME OF LATEST TRANSACTION

  • control field: 20100904112232.0

008 - FIXED-LENGTH DATA ELEMENTS

  • fixed length control field: 100904|||a|||||| | ||| d

040 ## - CATALOGING SOURCE

  • Original cataloging agency: dpl
  • Transcribing agency: dpl

100 ## - HEADING--PERSONAL NAME

  • Personal name: सारस्वत, अर्पणा

670 ## - SOURCE DATA FOUND

  • Source citation: Work cat.: (dpl): सारस्वत, अर्पणा , स्वातंत्र्योत्तर हिन्दी काव्य-धारा की मूल्य चेतना /, 2010

670 ## - SOURCE DATA FOUND

  • Source citation: Work cat.: (dpl): सारस्वत, अर्पणा , स्वातंत्र्योत्तर हिन्दी काव्य-धारा की मूल्य चेतना /, 2010

© Delhi Public Library
Hit Counter
free hit counter